| 000 | 00768cam a2200277 i 4500 | ||
|---|---|---|---|
| 999 |
_c533890 _d533890 |
||
| 001 | 2239561 | ||
| 003 | NUST | ||
| 005 | 20200123122844.0 | ||
| 008 | 760910s1976 enk 000 0beng | ||
| 010 | _a 76374171 | ||
| 015 | _aGB76-05826 | ||
| 020 |
_a0330246631 : _c£0.60 |
||
| 038 | _aMSOHAIL | ||
| 040 |
_aDLC _cDLC _dDLC |
||
| 043 | _ae-uk-en | ||
| 050 | 0 | 0 |
_aSF613.H44 _bA38 1976 |
| 082 | 0 | 0 |
_a636.0890924 _aB |
| 100 | 1 |
_aHerriot, James. _910864 |
|
| 245 | 1 | 0 |
_aVet in harness / _cJames Herriot. |
| 260 |
_aLondon : _bPan Books, _c1976. |
||
| 300 |
_a252 p. ; _c18 cm. |
||
| 600 | 1 | 0 |
_aHerriot, James. _910864 |
| 650 | 0 |
_aVeterinarians _zEngland _zYorkshire _xBiography. _910865 |
|
| 906 |
_a7 _bcbc _corignew _d3 _encip _f19 _gy-gencatlg |
||
| 942 |
_2ddc _cBK |
||